000 00354nam a2200145Ia 4500
005 20251222175919.0
008 251222s9999||||xx |||||||||||||| ||spa||
020 _a84-8002-706-1
082 _a344.01/G24
100 _aGarcía Ortega, Jesús
245 0 _aCurso de Derecho del Trabajo
250 _a7a.ed.
264 _bTirant Lo Branch
942 _cLIB
999 _c40615
_d40615